Responses for Show #3718 - Wednesday, November 1, 2000

Brad Rutter game 3.

Contestants

[<< previous game]

Eric Moore, a chemist and writer from Brookline, Massachusetts

Ann Marchand, an internet news producer from Washington, D.C.

Brad Rutter, a college student from Lancaster, Pennsylvania (whose 2-day cash winnings total $24,201)

[next game >>]

Jeopardy! Round responses

HISTORY
HE'S THE COACH
20th CENTURY NOVELS
FAMOUS NAMES IN FASHION
THE QUEEN'S ENGLISH
JEOPARDY! PLACE
    $100 16
Hannibal

Eric
    $100 7
John Wooden

Brad
    $100 2
Catch-22

Brad
    $100 23
Delta Burke

Eric
    $100 1
loo

Ann
    $100 21
Mexico

Eric
    $200 17
the Incas

Brad
    $200 8
(Ann: Who is Larry Brown?)

Larry Bird

BradAnn
    $200 12
Danielle Steel

Triple Stumper
    $200 24
Monica Lewinsky

Brad
    $200 3
Umbrella

Ann
    $200 22
Cosmopolitan

Ann
    $300 18
the Mongols

Eric
    $300 9
Vince Lombardi

Brad
    $300 13
One Flew Over the Cuckoo's Nest

Brad
    $300 28
Heidi Fleiss

Ann
    $300 4
a flat

Ann
    $300 25
an autopsy

Triple Stumper
    $400 19
Lord Baltimore

Brad
    $400 10
Tom Osborne

Eric
    $400 14
Animal Farm

Eric
    $400 29
Cheryl Tiegs

Eric
    $400 5
(Brad: What is a fortnight?)

Holiday

BradAnn
    $400 26
a rattlesnake

Brad
    $500 20
Richard the Lionhearted

Triple Stumper
    $500 11
George Halas

Brad
    $800 15
The Jungle

Eric
    $500 30
Esther Williams

Brad
    $500 6
a pacifier

Brad
    $500 27
(Eric: What is O-positive?)

AB

AnnEric

Scores at the first commercial break (after clue 11):

Brad Ann Eric
$1,300 $800 $400

Scores at the end of the Jeopardy! Round:

Brad Ann Eric
$3,300 $1,800 $2,100

Double Jeopardy! Round responses

CLASSICAL COMPOSERS
ARTSY FILMS
NEWSPAPER CITIES
ARCHITECTURE
WINSTON CHURCHILL
THEIR FINEST "HOUR"
    $200 11
Georges Bizet

Brad
    $200 6
Kirk Douglas

Brad
    $200 1
St. Louis

Ann
    $200 26
Corinthian

Brad
    $200 16
an Iron Curtain

Brad
    $200 21
rush hour

Eric
    $400 12
W.A. Mozart

Brad
    $400 7
Stu Sutcliffe

Eric
    $400 2
Detroit

Brad
    $400 27
the frieze

Brad
    $400 17
Queen Elizabeth II

Brad
    $400 22
Man-hour

Brad
    $1,000 13
Handel

Brad
    $1,000 8
My Left Foot

Eric
    $600 4
San Jose

Eric
    $600 28
Steeple/Spire

Brad
    $600 18
F. Roosevelt & J. Stalin

Eric
    $600 23
zero hour

Brad
    $800 14
(Eric: Who was Chopin?)

Franz Liszt

BradEric
    $800 9
Pablo Picasso

Ann
    $800 3
Omaha

Triple Stumper
    $800 29
(A: What is Rome?)

Florence

Ann
Triple Stumper
    $800 19
(Eric: What is Julia?)

Jennie

Eric
Triple Stumper
    $800 24
"Midnight Hour"

Brad
    $1000 15
Aram Khatchatourian

Triple Stumper
    $1000 10
An American in Paris

Eric
    $1000 5
Dallas

Eric
    $1000 30
(B: What is an atrium?)

Portico

BradAnn
    $1000 20
Sandhurst

Brad
    $1000 25
The Desperate Hours

Triple Stumper

Scores at the end of the Double Jeopardy! Round:

Brad Ann Eric
$9,900 $3,000 $5,300

[wagering suggestions for these scores]

Final Jeopardy! Round responses

MACHINES
AnnWhat is John Deere?
$1,700
EricWhat is ---?
$4,601
BradWhat is Caterpillar?
$701
Caterpillar

Final scores:

Brad Ann Eric
$10,601 $1,300 $699
3-day champion: $34,802 2nd place 3rd place

Game dynamics:

Coryat scores:

Brad Ann Eric
$9,500 $3,000 $4,600
27 R
(including 1 DD),
2 W
10 R,
2 W
15 R
(including 2 DDs),
3 W

Combined Coryat: $17,100

[game] [game scores] [suggest correction]

Game tape date: 2000-09-27
The J! Archive is created by fans, for fans. Scraping, republication, monetization, and malicious use prohibited; this site may use cookies and collect identifying information. See terms. The Jeopardy! game show and all elements thereof, including but not limited to copyright and trademark thereto, are the property of Jeopardy Productions, Inc. and are protected under law. This website is not affiliated with, sponsored by, or operated by Jeopardy Productions, Inc. Join the discussion at JBoard.tv.